000 00849nam a2200265Ia 4500
003 OSt
005 20220925214704.0
006 a|||||r|||| 00| 0
007 ta
008 220923b |||||||| |||| 00| 0 eng d
037 _cGeneral Book
040 _aRTL
_cRTL
_beng
041 _2eng
_aeng
082 _aW,435.N7, L4
100 _aMilne R S
_9280944
245 0 _aMalyasia
_b New States in a new Nation Political De
260 _aLondon
_bFrank Cass
_c1974
300 _ax,501p
_ccm.
490 _aStudies in Commonwealth Politics and History Ed by W H Morris-Jones and Dennis Austin.2
500 _aBibliography: p 485-489; Appendix: p 395-410
650 _aPolitical Parties
_9227152
700 _a Ratnam K J
_9275265
942 _hW,435.N7, L4
_cGB
_2CC
999 _c566279
_d566279